banner-ar

AGRICULTURE IN THE TROPICS, 2 ND ED. / (Record no. 19950)

MARC details
000 -الفاتح
حقل البيانات ثابتة الطول 00548nam a2200205Ia 4500
008 - عناصر البيانات ثابتة الطول - معلومات عامة
حقل البيانات ثابتة الطول 140319s9999 xx 000 0 eng d
040 ## - مصدر الفهرسة
وكالة الفهرسة الأصلية GCL /
وكالة النسخ GCL
082 04 - رقم تصنيف ديوى العشرى
رقم التصنيف 634.6
رقم المادة W A
100 1# - المدخل الرئيسى - إسم شخصى
الإسم الشخصى WEBSTER, C. C.
245 10 - بيان العنوان
العنوان AGRICULTURE IN THE TROPICS, 2 ND ED. /
بيان المسئوليه,etc WEBSTER, C. C.
700 1# - المدخل الاضافى - اسم شخصى
الإسم الشخصى WILSON, P. N.
260 ## - PUBLICATION, DISTRIBUTION, ETC. (IMPRINT)
تاريخ النشر أو التوزيع 1988
300 ## - الوصف المادى
التعداد 640\P
650 04 - المدخل الاضافى بالموضوع-مصطلح موضوعى
مصطلح موضوعي TROPICAL CROPS
650 04 - المدخل الاضافى بالموضوع-مصطلح موضوعى
مصطلح موضوعي AGRICULTURE
650 04 - المدخل الاضافى بالموضوع-مصطلح موضوعى
مصطلح موضوعي TROPICAL SOIL
650 04 - المدخل الاضافى بالموضوع-مصطلح موضوعى
مصطلح موضوعي FARM PRODUCE
942 ## - عناصر المدخل الإضافي( كوها)
مصدر التصنيف او مخطط الترفيف Dewey Decimal Classification
Koha [default] item type كتاب
260 ## - PUBLICATION, DISTRIBUTION, ETC. (IMPRINT)
-- [S.N] :
-- EDUCATIONAL LOW-PRICED BOOKS SCHEME ،
Holdings
حالة التراجع حالة الفقد حالة تلف ليس للاعارة المكان المؤقت الموقع الحالى تاريخ الاكتساب اجمالي اﻻعارات رقم الطلب الباركود تاريخ اخر مشاهدة تاريخ تفعيل السعر نوع وعاء كوها
        مكتبة القاهرة الكبرى مكتبة القاهرة الكبرى 03/26/2014   634.6\W A 37721 03/26/2014 03/26/2014 كتاب
        مكتبة القاهرة الكبرى مكتبة القاهرة الكبرى 03/26/2014   634.6\W A 37722 03/26/2014 03/26/2014 كتاب

Powered By

EGPV